Commitment : the dynamic of strategy

Αποθηκεύτηκε σε:
Λεπτομέρειες βιβλιογραφικής εγγραφής
Κύριος συγγραφέας: Ghemawat, Pankaj
Μορφή: Βιβλίο
Γλώσσα:English
Δημοσίευση: New York : The Free Press, c1991
Θέματα:
Ετικέτες: Προσθήκη ετικέτας
Δεν υπάρχουν, Καταχωρήστε ετικέτα πρώτοι!

MARC

LEADER 00000nam a2200000 i 4500
001 1/94243
008 991126s1991 eng d
020 |a 0-02-911575-2 
035 |l 10054728 
040 |a GR-MY-UA  |b gre  |e aacr 
041 0 |a eng 
082 0 |a 658.4012 
100 1 |a Ghemawat, Pankaj. 
245 1 0 |a Commitment :  |b the dynamic of strategy /  |c Pankaj Ghemawat 
260 |a New York :   |b The Free Press,   |c c1991 
300 |a xiii, 178 p. 
504 |a Includes bibliography and index 
650 0 0 |a Competition. 
650 0 0 |a Organizational effectiveness. 
650 0 0 |a Strategic planning. 
650 0 0 |a Decision making. 
650 0 0 |a Managerial economics. 
852 |a INST  |b CHIOS  |e 19991126  |h 658.4012 GHE  |p 005200019477  |q 005200019477  |t BK  |y 0 
901 |a BIBL2-1999-3 
909 |a Χ  |b 070100 
922 |a 2ΕΛΗ  |b 199911  |c ΤΝΕΥ  |d ΠΑΠΑΣΩΤΗΡΙΟΥ 
950 |a 125-1999-07-15 
970 |a ΣΑΛΑΜΟΥΡΑ  |b ΜΑΡΙΑ  |z 1999/11/29